|
|
|
|
| LEADER |
01927nam a2200325Ka 4500 |
| 001 |
34679 |
| 003 |
BD-DhAAL |
| 005 |
20211111105906.0 |
| 008 |
190516t2015 xxua b 001 0 eng d |
| 999 |
|
|
|c 40697
|d 40697
|
| 020 |
|
|
|a 9788126556533
|
| 040 |
|
|
|a BD-DhAAL
|
| 082 |
|
|
|a 006.3
|2 23
|
| 245 |
|
|
|a Data science & big data analytics :
|b discovering, analyzing, visualizing, and presenting data /
|c EMC Education Services.
|
| 246 |
|
|
|a Data science & big data analytics
|
| 246 |
|
|
|a Data science and big data analytics : discovering, analyzing, visualizing, and presenting data
|
| 260 |
|
|
|b Wiley
|
| 300 |
|
|
|a xviii, 410 pages :
|b illustrations ;
|c 24 cm.
|
| 504 |
|
|
|a Includes bibliographical references (pages 394-395) and index.
|
| 505 |
|
|
|a Introduction to Big Data Analytics -- Data Analytics Lifecycle -- Review of Basic Data Analytic Methods Using R -- Advanced Analytical Theory and Methods: Clustering -- Advanced Analytical Theory and Methods: Association Rules -- Advanced Analytical Theory and Methods: Regression -- Advanced Analytical Theory and Methods: Classification -- Advanced Analytical Theory and Methods: Time Series Analysis -- Advanced Analytical Theory and Methods: Text Analysis -- Advanced Analytics: Technology and Tools: MapReduce and Hadoop -- Advanced Analytics: Technology and Tools: In-Database Analytics -- The Endgame, or Putting It All Together
|
| 526 |
|
|
|a CSE
|
| 541 |
|
|
|a Hye Trade International
|e 34679
|
| 650 |
|
|
|a Data mining
|9 31639
|
| 650 |
|
|
|a Big data
|9 31640
|
| 650 |
|
|
|a Quantitative research
|9 31641
|
| 650 |
|
|
|a Computer science
|9 42532
|
| 710 |
|
|
|a EMC Education Services
|9 31642
|
| 852 |
|
|
|a Ayesha Abed Library
|c General Stacks
|
| 942 |
|
|
|2 ddc
|c BK
|
| 952 |
|
|
|0 0
|1 0
|2 ddc
|4 0
|6 006_300000000000000_DAT
|7 0
|9 65479
|a BRACUL
|b BRACUL
|c GEN
|d 2019-05-09
|e Hye Trade International
|g 2499.00
|l 16
|m 107
|o 006.3 DAT
|p 3010034679
|r 2026-04-30
|s 2026-04-12
|t 1
|v 2499.00
|w 2019-05-09
|y BK
|